Städte und Gemeinden im Landkreis Grafschaft Bentheim - Statistiken

Allgemein
  • Dieses Quiz wurde 194 mal gespielt
  • Das Durchschnittsergebnis liegt bei 15 aus 25
Antworten auf der Karte
Die Antworten werden auf der Karte rot bzw. grün angezeigt, abhängig davon wie oft sie richtig erraten wurden.
 
Antwortstatistiken
Stadt oder Gemeinde % Korrekt
Bad Bentheim
91%
Nordhorn
91%
Schüttorf
79%
Uelsen
77%
Neuenhaus
76%
Emlichheim
73%
Wietmarschen
73%
Laar
67%
Georgsdorf
62%
Itterbeck
61%
Hoogstede
59%
Ringe
59%
Wilsum
59%
Isterberg
53%
Ohne
53%
Esche
52%
Lage
52%
Halle
48%
Osterwald
48%
Samern
48%
Wielen
48%
Quendorf
47%
Getelo
42%
Engden
36%
Gölenkamp
30%
Keine übereinstimmenden Quizze gefunden
Verteilung der Resultate
Anzahl Personen mit jedem Resultat
Perzentil nach korrekt beantworteten Fragen
Ihre Resultats-Entwicklung
Sie haben dieses Quiz noch nicht gespielt